[Event "38th World U20 ch"]
[Site "Yerevan ARM"]
[Date "1999.09.30"]
[Round "13.2"]
[White "Kasimdzhanov, Rustam"]
[Black "Naumann, Alexander"]
[Result "1-0"]
[WhiteElo "2603"]
[BlackElo "2478"]
[EventDate "1999.09.18"]
[PlyCount "79"]

1.Nf3 Nf6 2.c4 g6 3.Nc3 d5 4.Qa4+ Bd7 5.Qb3 dxc4 6.Qxc4 Bg7 7.e4 O-O 8.e5 
Ne8 9.d4 c6 10.Qb3 b5 11.Be2 Be6 12.Qd1 Nc7 13.O-O b4 14.Ne4 Bd5 15.Qc2 
Nd7 16.Be3 Ne6 17.h4 a5 18.h5 Qb8 19.Neg5 c5 20.hxg6 hxg6 21.Nxe6 Bxe6 22.
Qe4 cxd4 23.Bxd4 Rc8 24.Rfe1 Nf8 25.Ng5 Qc7 26.Bf3 Rab8 27.b3 Rb5 28.Be2 
Rbb8 29.Ba6 Rd8 30.Rac1 Qd7 31.Nxe6 Nxe6 32.Be3 Nc7 33.Bc4 e6 34.Bg5 Rdc8 
35.Rcd1 Qe8 36.Rd3 Na8 37.Qh4 Rc5 38.Rh3 Rxe5 39.Rxe5 Bxe5 40.Bf6 1-0

[Event "38th World U20 ch"]
[Site "Yerevan ARM"]
[Date "1999.09.30"]
[Round "13.3"]
[White "Aronian, Levon"]
[Black "Blehm, Pawel"]
[Result "1-0"]
[WhiteElo "2518"]
[BlackElo "2479"]
[EventDate "1999.09.18"]
[PlyCount "75"]

1.Nf3 Nf6 2.g3 g6 3.Bg2 Bg7 4.O-O O-O 5.d4 d6 6.c4 Nc6 7.Nc3 a6 8.d5 Na5 
9.Nd2 c5 10.Rb1 Rb8 11.Qc2 b5 12.b3 Bf5 13.e4 Bd7 14.Bb2 bxc4 15.bxc4 Qc7 
16.Nd1 e5 17.Ne3 Bh6 18.Bc3 Rxb1 19.Rxb1 Bxe3 20.fxe3 Ng4 21.Re1 Nb7 22.h3
Nf6 23.Rb1 Nh5 24.Kh2 Bc8 25.Nf3 Qe7 26.Rb6 a5 27.Qd1 Ng7 28.Qe1 f5 29.
exf5 Nxf5 30.g4 Ng7 31.Qh4 Qe8 32.Ng5 h5 33.Ne4 Qd8 34.Qxd8 Rxd8 35.Bf3 
Kf7 36.Bd1 Ke7 37.Ba4 Rh8 38.Rc6 1-0

[Event "38th World U20 ch"]
[Site "Yerevan ARM"]
[Date "1999.09.30"]
[Round "13.6"]
[White "Lopez Martinez, Josep Manuel"]
[Black "Zhang Pengxiang"]
[Result "0-1"]
[WhiteElo "2378"]
[BlackElo "2462"]
[EventDate "1999.09.18"]
[PlyCount "61"]

1.d4 Nf6 2.c4 e5 3.dxe5 Ng4 4.e3 Nxe5 5.Nh3 Ng6 6.g3 Bb4+ 7.Bd2 Bxd2+ 8.
Qxd2 Ne5 9.Qc3 f6 10.f4 Ng4 11.Bg2 Qe7 12.O-O O-O 13.Re1 Nc6 14.Qd2 d6 15.
Nc3 Be6 16.Qe2 Qd7 17.Qf1 Rae8 18.Rad1 Ne7 19.Nf2 Nxf2 20.Kxf2 Qc8 21.Kg1 
f5 22.Qd3 Kh8 23.Nb5 a6 24.Nd4 Ng8 25.e4 fxe4 26.Rxe4 Bh3 27.Rde1 Bxg2 28.
Kxg2 Rxe4 29.Rxe4 Qd7 30.Qe2 d5 31.Re7 0-1

[Event "38th World U20 ch"]
[Site "Yerevan ARM"]
[Date "1999.09.30"]
[Round "13.7"]
[White "Vajda, Levente"]
[Black "Vuckovic, Bojan"]
[Result "1-0"]
[WhiteElo "2462"]
[BlackElo "2433"]
[EventDate "1999.09.18"]
[PlyCount "99"]

1.e4 c5 2.c3 d5 3.exd5 Qxd5 4.d4 Nf6 5.Nf3 Bg4 6.Nbd2 Nc6 7.Qa4 Bd7 8.Qb3 
Qxb3 9.Nxb3 cxd4 10.Nbxd4 Nxd4 11.Nxd4 a6 12.Be2 e5 13.Nf3 e4 14.Nd4 Bc5 
15.Be3 Nd5 16.Rd1 Nxe3 17.fxe3 f5 18.Bc4 Rd8 19.g3 Ke7 20.Rd2 Rhf8 21.Bd5 
Bc8 22.Bb3 Bd6 23.Rf1 Be5 24.Bc2 Be6 25.Rdf2 Bxd4 26.cxd4 Bc4 27.Rg1 Bxa2 
28.b3 Rd5 29.Kd2 Rb5 30.Kc3 Rc8+ 31.Kb2 Rxc2+ 32.Rxc2 Bxb3 33.Rc5 Rxc5 34.
dxc5 Bd5 35.Kc3 Kf6 36.Rd1 Ke5 37.Kb4 g5 38.h4 gxh4 39.gxh4 Bc6 40.Rg1 h6 
41.Rg6 f4 42.exf4+ Kxf4 43.Rxh6 a5+ 44.Kc3 a4 45.Rg6 e3 46.h5 a3 47.h6 a2 
48.Rg1 Be4 49.Ra1 Bb1 50.Rxa2 1-0

[Event "38th World U20 ch"]
[Site "Yerevan ARM"]
[Date "1999.09.30"]
[Round "13.9"]
[White "Smetankin, Stanislav"]
[Black "Perelshteyn, Eugene"]
[Result "0-1"]
[WhiteElo "2385"]
[BlackElo "2416"]
[EventDate "1999.09.18"]
[PlyCount "98"]

1.c4 Nf6 2.Nc3 g6 3.e4 d6 4.d4 Bg7 5.f3 O-O 6.Be3 c5 7.d5 e6 8.Qd2 exd5 9.
cxd5 a6 10.a4 h5 11.Bd3 Nbd7 12.Nh3 Ne5 13.Nf2 Nxd3+ 14.Nxd3 Nd7 15.O-O 
Rb8 16.b4 Nb6 17.Bg5 Nc4 18.Qc1 f6 19.Bh4 cxb4 20.Nd1 Na5 21.Rb1 b3 22.Qc3
Bd7 23.Be1 b6 24.Qb4 f5 25.Qxd6 fxe4 26.fxe4 Rxf1+ 27.Kxf1 Qf8+ 28.Qxf8+ 
Rxf8+ 29.N1f2 Bxa4 30.Bxa5 bxa5 31.Ke2 Bd4 32.Nd1 Bb5 33.Rxb3 a4 34.Ra3 
Rf4 35.e5 Bxe5 36.Ke3 Bd6 37.Nxf4 Bxa3 38.Kd4 Kf7 39.Nd3 Bd6 40.h3 a3 41.
Nc3 Bxd3 42.Kxd3 Be5 43.Na2 Ke7 44.Kc4 Kd6 45.g4 h4 46.Kd3 Kxd5 47.Nb4+ 
Kc5 48.Na2 Bb2 49.Kd2 Kd4 0-1

[Event "38th World U20 ch"]
[Site "Yerevan ARM"]
[Date "1999.09.30"]
[Round "13.11"]
[White "Dervishi, Erald"]
[Black "Berg, Emanuel"]
[Result "1-0"]
[WhiteElo "2496"]
[BlackElo "2348"]
[EventDate "1999.09.18"]
[PlyCount "101"]

1.e4 e6 2.d4 d5 3.Nd2 Nf6 4.e5 Nfd7 5.Bd3 c5 6.c3 Nc6 7.Ne2 cxd4 8.cxd4 f6
9.exf6 Nxf6 10.Nf3 Bd6 11.O-O Qc7 12.Bg5 O-O 13.Ng3 h6 14.Bxf6 Rxf6 15.Rc1
Qf7 16.Bb1 Bd7 17.a3 Rf8 18.Qd3 g5 19.Rfe1 g4 20.Ne5 Bxe5 21.dxe5 Rxf2 22.
b4 a6 23.Qe3 Qf4 24.Qxf4 R2xf4 25.Nh5 R4f7 26.Nf6+ Rxf6 27.exf6 Rxf6 28.
Bd3 e5 29.b5 axb5 30.Bxb5 e4 31.Red1 Rd6 32.Rc5 d4 33.Bc4+ Be6 34.Bb5 g3 
35.hxg3 Bg4 36.Re1 e3 37.Bd3 Kg7 38.Rb1 Kf6 39.Rf1+ Ke6 40.Rf4 h5 41.Rb5 
Rd7 42.Bc4+ Kd6 43.Rd5+ Kc7 44.Rxd7+ Kxd7 45.Bb5 Kc7 46.Bxc6 d3 47.Rxg4 
hxg4 48.Bb5 d2 49.Be2 Kb6 50.Bxg4 Kb5 51.Bd1 1-0

[Event "38th World U20 ch"]
[Site "Yerevan ARM"]
[Date "1999.09.30"]
[Round "13.12"]
[White "Marcelin, Cyril"]
[Black "Janssen, Ruud"]
[Result "1/2-1/2"]
[WhiteElo "2395"]
[BlackElo "2448"]
[EventDate "1999.09.18"]
[PlyCount "29"]

1.e4 c5 2.Nf3 d6 3.d4 cxd4 4.Nxd4 Nf6 5.f3 Nc6 6.c4 e6 7.Nc3 Be7 8.Be3 O-O
9.Be2 d5 10.cxd5 exd5 11.Nxc6 bxc6 12.exd5 Nxd5 13.Nxd5 cxd5 14.O-O Bd6 
15.Qd2 1/2-1/2

[Event "38th World U20 ch"]
[Site "Yerevan ARM"]
[Date "1999.09.30"]
[Round "13.13"]
[White "Pinski, Jan"]
[Black "Gaprindashvili, Valerian"]
[Result "1/2-1/2"]
[WhiteElo "2444"]
[BlackElo "2390"]
[EventDate "1999.09.18"]
[PlyCount "85"]

1.e4 e6 2.d4 d5 3.Nc3 dxe4 4.Nxe4 Nd7 5.Bd3 Ngf6 6.Nxf6+ Nxf6 7.Bg5 h6 8.
Bh4 c5 9.dxc5 Bxc5 10.Nf3 O-O 11.Qe2 Qa5+ 12.c3 Nd5 13.Qd2 Be7 14.Bxe7 
Nxe7 15.O-O Rd8 16.Qe2 Bd7 17.Ne5 Be8 18.Qe4 Nc6 19.Nf3 g6 20.Bc4 Qf5 21.
Qxf5 gxf5 22.g3 Kg7 23.Rfd1 Kf6 24.Kf1 e5 25.Ne1 Bd7 26.Nc2 Be6 27.Ne3 e4 
28.Be2 Rxd1+ 29.Rxd1 Rd8 30.Rxd8 Nxd8 31.a3 Ke5 32.f4+ exf3 33.Bxf3 f4 34.
gxf4+ Kxf4 35.Ke2 f5 36.b4 b5 37.Ng2+ Ke5 38.Ke3 Bc4 39.Nf4 Ne6 40.Nxe6 
Bxe6 41.Bc6 Bc4 42.a4 bxa4 43.Bxa4 1/2-1/2

[Event "38th World U20 ch"]
[Site "Yerevan ARM"]
[Date "1999.09.30"]
[Round "13.16"]
[White "Lipinsky, Fabian"]
[Black "Sargissian, Gabriel"]
[Result "1-0"]
[WhiteElo "2331"]
[BlackElo "2470"]
[EventDate "1999.09.18"]
[PlyCount "131"]

1.d4 d5 2.c4 e6 3.Nf3 f5 4.g3 Nf6 5.Bg2 c6 6.O-O Bd6 7.b3 Qe7 8.Bb2 O-O 9.
Ne5 Bd7 10.Nd2 Be8 11.Rc1 Bh5 12.Nd3 Nbd7 13.Nf3 Bxf3 14.exf3 Rfe8 15.Re1 
Qd8 16.f4 Ne4 17.f3 Nef6 18.Bf1 a5 19.Kh1 Nb8 20.Re3 Na6 21.Qe1 Nb4 22.c5 
Bc7 23.Nxb4 axb4 24.Ra1 Qe7 25.Bd3 g6 26.Bc1 b6 27.Qxb4 Nd7 28.Bb2 bxc5 
29.dxc5 Qxc5 30.Qe1 Ba5 31.Qe2 Qd6 32.Qc2 Bd8 33.a4 Bf6 34.Ba3 c5 35.Rae1 
Bd4 36.R3e2 Nf8 37.Bb5 Rec8 38.Bb2 Bxb2 39.Qxb2 Kf7 40.Kg2 Rab8 41.Qc3 Rb6
42.Qh8 Rcb8 43.Rc2 Rxb5 44.axb5 Rxb5 45.Ra1 Qe7 46.Ra8 Rxb3 47.Rc8 Rb7 48.
R2xc5 h5 49.Rc2 Rd7 50.Qe5 Qd6 51.R2c7 Qxe5 52.fxe5 Ke7 53.f4 g5 54.fxg5 
Ng6 55.Kh3 Nxe5 56.Kh4 d4 57.Kxh5 d3 58.Rxd7+ Nxd7 59.Rc3 Nc5 60.Rc1 Ne4 
61.Rd1 d2 62.Kh6 e5 63.g6 f4 64.gxf4 exf4 65.g7 Kf7 66.Kh7 1-0

[Event "38th World U20 ch"]
[Site "Yerevan ARM"]
[Date "1999.09.30"]
[Round "13.18"]
[White "Kidambi, Sundararajan"]
[Black "Peralta, Fernando"]
[Result "1/2-1/2"]
[WhiteElo "2334"]
[BlackElo "2433"]
[EventDate "1999.09.18"]
[PlyCount "94"]

1.d4 Nf6 2.c4 e6 3.Nc3 Bb4 4.e3 b6 5.Ne2 Ba6 6.a3 Be7 7.Nf4 d5 8.cxd5 Bxf1
9.Kxf1 exd5 10.g4 g5 11.Nh5 Nxh5 12.gxh5 c6 13.Qf3 Rf8 14.e4 dxe4 15.Qxe4 
f5 16.Qe2 f4 17.Qe4 Qd7 18.h4 gxh4 19.Bxf4 Qf5 20.Re1 Qxe4 21.Rxe4 Kd7 22.
Rg1 Rf7 23.Rg8 Bf8 24.Be5 h3 25.Rf4 Ke8 26.Rh8 Nd7 27.Rxf7 Kxf7 28.Rxh7+ 
Ke6 29.Bg3 Nf6 30.Rh8 Re8 31.h6 Kf7 32.Be5 Ng4 33.Ne4 Nxe5 34.Ng5+ Kg6 35.
h7 Nf7 36.Rg8+ Kh6 37.Nxf7+ Kxh7 38.Rg3 Bg7 39.Ng5+ Kh6 40.Nf3 Re4 41.
Rxh3+ Kg6 42.Rg3+ Kh6 43.Rh3+ Kg6 44.Rh4 Rxh4 45.Nxh4+ Kg5 46.Nf3+ Kf4 47.
Ke2 Ke4 1/2-1/2

[Event "38th World U20 ch"]
[Site "Yerevan ARM"]
[Date "1999.09.30"]
[Round "13.19"]
[White "Williams, Simon"]
[Black "Mallahi, Amir"]
[Result "1/2-1/2"]
[WhiteElo "2421"]
[BlackElo "2317"]
[EventDate "1999.09.18"]
[PlyCount "20"]

1.e4 c5 2.Nf3 Nc6 3.d3 g6 4.g3 Bg7 5.Bg2 e5 6.c3 Nge7 7.Be3 d6 8.Qd2 O-O 
9.Bh6 f5 10.exf5 Bxf5 1/2-1/2

[Event "38th World U20 ch"]
[Site "Yerevan ARM"]
[Date "1999.09.30"]
[Round "13.20"]
[White "Jenni, Florian"]
[Black "Labollita, Martin"]
[Result "1-0"]
[WhiteElo "2399"]
[BlackElo "2199"]
[EventDate "1999.09.18"]
[PlyCount "73"]

1.e4 Nf6 2.e5 Nd5 3.d4 d6 4.Nf3 Bg4 5.Be2 e6 6.O-O Be7 7.h3 Bh5 8.c4 Nb6 
9.Nc3 O-O 10.Be3 d5 11.c5 Bxf3 12.gxf3 Nc8 13.f4 Bh4 14.Kh2 Ne7 15.Bd3 g6 
16.Rg1 Kh8 17.Rg2 f5 18.Ne2 Ng8 19.Ng1 Nh6 20.Nf3 Nf7 21.b4 Rg8 22.Qc2 a6 
23.a3 Nc6 24.Rag1 Be7 25.Qc3 Rg7 26.Bd2 Qd7 27.Ng5 Rag8 28.a4 Ncd8 29.b5 
axb5 30.Bxb5 c6 31.Be2 h6 32.Nxf7+ Nxf7 33.Qb3 Bh4 34.a5 g5 35.Qf3 Nd8 36.
Qh5 Rh7 37.Qxh4 1-0

[Event "38th World U20 ch"]
[Site "Yerevan ARM"]
[Date "1999.09.30"]
[Round "13.22"]
[White "Benkovic, Petar"]
[Black "Dovramadiev, Tikhomir"]
[Result "1/2-1/2"]
[WhiteElo "2328"]
[BlackElo "2254"]
[EventDate "1999.09.18"]
[PlyCount "72"]

1.d4 Nf6 2.Nf3 g6 3.c4 Bg7 4.Nc3 d5 5.cxd5 Nxd5 6.e4 Nxc3 7.bxc3 c5 8.Rb1 
O-O 9.Be2 Nc6 10.d5 Bxc3+ 11.Bd2 Bxd2+ 12.Qxd2 Nd4 13.Nxd4 cxd4 14.Qxd4 
Qa5+ 15.Kf1 Qxa2 16.Ra1 Qc2 17.h4 Bd7 18.g4 Rfc8 19.Rh3 h5 20.Rg3 hxg4 21.
h5 Qc5 22.Qd2 Qd6 23.hxg6 Qxg6 24.e5 a6 25.Qf4 f5 26.Kg2 Rc2 27.Bd3 Rc3 
28.e6 Rxd3 29.Rxd3 Bb5 30.Rc3 Qf6 31.Rac1 Kg7 32.Rc7 Kg6 33.Rh1 Rh8 34.
Rxh8 Qxh8 35.Qe3 f4 36.Qxf4 Qh3+ 1/2-1/2

[Event "38th World U20 ch"]
[Site "Yerevan ARM"]
[Date "1999.09.30"]
[Round "13.24"]
[White "Starostits, Ilmars"]
[Black "Atakisi, Umut"]
[Result "1-0"]
[WhiteElo "2358"]
[BlackElo "2238"]
[EventDate "1999.09.18"]
[PlyCount "49"]

1.d4 d5 2.Bg5 h6 3.Bh4 c6 4.c3 Qb6 5.Qc2 Nd7 6.Nd2 e5 7.dxe5 Nxe5 8.e4 Be6
9.exd5 Bxd5 10.Bg3 Nd7 11.Nc4 Bxc4 12.Bxc4 Ngf6 13.O-O-O Be7 14.Qe2 Kf8 
15.Nf3 Re8 16.Rhe1 Qc5 17.Qd3 Nb6 18.Rxe7 Nxc4 19.Rxb7 a5 20.Nd2 Ne5 21.
Qd4 Qxd4 22.cxd4 Nd3+ 23.Kc2 Nb4+ 24.Kb3 Kg8 25.Nc4 1-0

[Event "38th World U20 ch"]
[Site "Yerevan ARM"]
[Date "1999.09.30"]
[Round "13.27"]
[White "Leskiewicz, Maksymilian"]
[Black "Aschenbrenner, Robert"]
[Result "1-0"]
[WhiteElo "2206"]
[BlackElo "2160"]
[EventDate "1999.09.18"]
[PlyCount "61"]

1.d4 Nf6 2.Nf3 e6 3.c4 d5 4.Nc3 c6 5.Bg5 dxc4 6.e4 b5 7.e5 h6 8.Bh4 g5 9.
Nxg5 hxg5 10.Bxg5 Nbd7 11.exf6 Bb7 12.g3 c5 13.d5 Nxf6 14.Bg2 Be7 15.O-O 
Nxd5 16.Bxe7 Kxe7 17.Qe1 Nxc3 18.Bxb7 Rb8 19.Bg2 Na4 20.Rd1 Qc7 21.Qd2 Qe5
22.Rfe1 Qh5 23.Qd6+ Kf6 24.Rd5 Qxh2+ 25.Kf1 Qh6 26.Rf5+ Kg7 27.Qe5+ f6 28.
Qxe6 Rhf8 29.Rf4 Rfe8 30.Rg4+ Kh8 31.Qxe8+ 1-0

[Event "38th World U20 ch"]
[Site "Yerevan ARM"]
[Date "1999.09.30"]
[Round "13.28"]
[White "Korstin, Maris"]
[Black "Guid, Matej"]
[Result "1-0"]
[WhiteElo "2201"]
[BlackElo "2185"]
[EventDate "1999.09.18"]
[PlyCount "57"]

1.e4 e6 2.d4 d5 3.Nc3 Bb4 4.e5 c5 5.a3 Bxc3+ 6.bxc3 Ne7 7.Qg4 Qc7 8.Qxg7 
Rg8 9.Qxh7 cxd4 10.Ne2 Nbc6 11.f4 dxc3 12.Qd3 Bd7 13.Qxc3 O-O-O 14.Rb1 Nf5
15.Rg1 d4 16.Qd3 Na5 17.g4 Nh4 18.Rg3 Ba4 19.Rb2 Qc5 20.Bd2 Nc4 21.Rb4 b5 
22.Rxa4 Nxd2 23.Rxd4 Rxd4 24.Nxd4 Qxd4 25.Qxd2 Rd8 26.Rc3+ Kb8 27.Qxd4 
Rxd4 28.Bxb5 Rxf4 29.Ba6 1-0

[Event "38th World U20 ch"]
[Site "Yerevan ARM"]
[Date "1999.09.30"]
[Round "13.29"]
[White "Kumin, Simon"]
[Black "Krejci, Jakub"]
[Result "0-1"]
[WhiteElo "2251"]
[BlackElo "2221"]
[EventDate "1999.09.18"]
[PlyCount "52"]

1.d4 Nf6 2.c4 e6 3.Nc3 Bb4 4.g3 c5 5.Nf3 cxd4 6.Nxd4 Ne4 7.Qd3 Bxc3+ 8.
bxc3 Nc5 9.Qe3 b6 10.Bg2 Bb7 11.Bxb7 Nxb7 12.Ba3 Na6 13.O-O Nac5 14.Rfd1 
O-O 15.Rd2 Na5 16.Qf4 e5 17.Qg4 exd4 18.cxd4 Nxc4 19.Rdd1 Nxa3 20.dxc5 Nb5
21.a4 Nc7 22.Rxd7 Qf6 23.Rc1 Ne6 24.cxb6 axb6 25.Rc6 Qa1+ 26.Kg2 Rxa4 0-1

[Event "38th World U20 ch"]
[Site "Yerevan ARM"]
[Date "1999.09.30"]
[Round "13.31"]
[White "Aranha Filho, Alvaro Zimmermann"]
[Black "Hansen, Torbjorn Ringdal"]
[Result "1/2-1/2"]
[WhiteElo "2236"]
[BlackElo "2259"]
[EventDate "1999.09.18"]
[PlyCount "59"]

1.d4 Nf6 2.Nf3 e6 3.Bg5 h6 4.Bh4 b6 5.Nbd2 Bb7 6.e3 Be7 7.Bd3 d6 8.O-O 
Nbd7 9.Bg3 Nh5 10.e4 Nxg3 11.hxg3 e5 12.c3 O-O 13.Qe2 a5 14.Rad1 Bf6 15.
Bb5 c6 16.dxe5 dxe5 17.Bc4 b5 18.Bb3 Qc7 19.Nh4 a4 20.Bc2 g6 21.Rfe1 Rfd8 
22.Nf1 Nf8 23.Bb1 Qe7 24.Nf3 Rxd1 25.Rxd1 Kg7 26.Ne3 h5 27.Qd2 Re8 28.g4 
hxg4 29.Nxg4 Bc8 30.Nxf6 1/2-1/2

[Event "38th World U20 ch"]
[Site "Yerevan ARM"]
[Date "1999.09.30"]
[Round "13.32"]
[White "Bognar, Csaba"]
[Black "Fantin, Ludwig"]
[Result "1-0"]
[WhiteElo "2237"]
[BlackElo "2184"]
[EventDate "1999.09.18"]
[PlyCount "60"]

1.d4 Nf6 2.c4 d6 3.Nc3 Nbd7 4.e4 e5 5.Nge2 exd4 6.Nxd4 g6 7.Be3 Bg7 8.Be2 
O-O 9.O-O c6 10.Qd2 Re8 11.f3 Nb6 12.Rad1 d5 13.Nb3 Be6 14.cxd5 cxd5 15.
Nc5 Qc8 16.Nb5 Rd8 17.Nxe6 fxe6 18.Nxa7 Nc4 19.Nxc8 Nxd2 20.Ne7+ Kf7 21.
Rxd2 Kxe7 22.e5 Nd7 23.Bg5+ Ke8 24.Bxd8 Kxd8 25.a3 Nxe5 26.f4 Nc6 27.Bg4 
Nd4 28.Rfd1 Nb3 29.Re2 Ra6 30.Rxe6 d4 1-0